[Event "VI Open Internacional A.D. San Juan"]
[Site "Pamplona Hotel Iruña Park "]
[Date "2012.07.23"]
[Round "1"]
[Board "1"]
[White "Ruiz Escobar, Rafael"]
[Black "Ortiz Suarez, Isan Reynaldo"]
[Result "0-1"]
[WhiteElo "1945"]
[BlackElo "2562"]
[PlyCount "78"]
[EventDate "2012.07.23"]
[EventRounds "9"]
[EventCountry "ESP"]

1. d4 g6 2. c4 Bg7 3. Nc3 d6 4. e4 Nd7 5. Nf3 e5 6. Be3 Ngf6 7. Be2 O-O 8. O-O
c6 9. d5 c5 10. Nd2 Ne8 11. Rb1 f5 12. f3 f4 13. Bf2 h5 14. b4 cxb4 15. Rxb4 b6
16. g4 Nc5 17. h3 Bf6 18. Rb1 Bh4 19. Qe1 Bxf2+ 20. Qxf2 Rf7 21. Nb3 Rh7 22.
Nxc5 dxc5 23. Kg2 Nd6 24. Rh1 Bd7 25. a4 Rc8 26. h4 hxg4 27. fxg4 Qe7 28. Kf3
g5 29. h5 Ne8 30. Rbg1 Nf6 31. Kg2 Bxg4 32. Kf1 Bxe2+ 33. Qxe2 Rg7 34. Rh3 g4
35. h6 Rg6 36. d6 Qxd6 37. Nd5 Nxd5 38. h7+ Kh8 39. Rxg4 Ne3+ 0-1

[Event "VI Open Internacional A.D. San Juan"]
[Site "Pamplona Hotel Iruña Park "]
[Date "2012.07.23"]
[Round "1"]
[Board "2"]
[White "Ibarra Jerez, Jose Carlos"]
[Black "Cemborain Oricain, Alfonso"]
[Result "1-0"]
[WhiteElo "2530"]
[BlackElo "1934"]
[PlyCount "37"]
[EventDate "2012.07.23"]
[EventRounds "9"]
[EventCountry "ESP"]

1. e4 c6 2. d4 g6 3. Nc3 Bg7 4. Nf3 d6 5. Be3 Nd7 6. Qd2 Qc7 7. h3 e5 8. dxe5
dxe5 9. O-O-O a5 10. a4 h5 11. Bc4 b6 12. Ng5 Nh6 13. Qd6 Qxd6 14. Rxd6 c5 15.
Rhd1 Bf8 16. Rc6 Be7 17. Nb5 Kf8 18. Rxc8+ Rxc8 19. Rxd7 1-0

[Event "VI Open Internacional A.D. San Juan"]
[Site "Pamplona Hotel Iruña Park "]
[Date "2012.07.23"]
[Round "1"]
[Board "3"]
[White "Tirado Parra, Alberto"]
[Black "Paunovic, Dragan"]
[Result "0-1"]
[WhiteElo "1929"]
[BlackElo "2521"]
[PlyCount "44"]
[EventDate "2012.07.23"]
[EventRounds "9"]
[EventCountry "ESP"]

1. b4 Nf6 2. Bb2 g6 3. Nf3 Bg7 4. e3 O-O 5. c4 d6 6. Be2 e5 7. O-O e4 8. Nd4 c5
9. Nc2 Nc6 10. a3 Be6 11. d4 exd3 12. Bxd3 Ne5 13. Bxe5 dxe5 14. Nc3 e4 15. Be2
Qc7 16. Nb5 Qe5 17. bxc5 Qxc5 18. Ncd4 Bd7 19. Nb3 Qg5 20. Re1 Rfd8 21. N3d4
Ng4 22. h3 Nxe3 0-1

[Event "VI Open Internacional A.D. San Juan"]
[Site "Pamplona Hotel Iruña Park "]
[Date "2012.07.23"]
[Round "1"]
[Board "4"]
[White "Khamrakulov, Ibragim S"]
[Black "Rodriguez Martinez, Fernando"]
[Result "1-0"]
[WhiteElo "2507"]
[BlackElo "1903"]
[PlyCount "76"]
[EventDate "2012.07.23"]
[EventRounds "9"]
[EventCountry "ESP"]

1. e4 e5 2. Nf3 Nc6 3. Bc4 Nf6 4. d3 Be7 5. O-O O-O 6. h3 d6 7. a4 Bd7 8. Nc3
b6 9. d4 exd4 10. Nxd4 Nxd4 11. Qxd4 Qc8 12. Bf4 Be6 13. Rfe1 Nd7 14. Nd5 Bxd5
15. Qxd5 Bf6 16. c3 Be5 17. Be3 Nf6 18. Qd1 Nd7 19. f4 Bf6 20. Qd5 a5 21. Rad1
Bh4 22. Rf1 Nf6 23. Qd4 c5 24. Qd3 Qc7 25. Rf3 d5 26. exd5 Nd7 27. d6 Qd8 28.
Bf2 Bxf2+ 29. Rxf2 Qf6 30. Qd5 Rad8 31. Re2 Rfe8 32. Re7 Rf8 33. Qg5 h6 34.
Qxf6 Nxf6 35. d7 g6 36. Rd6 Kg7 37. Bb5 Ng8 38. Re8 Nf6 1-0

[Event "VI Open Internacional A.D. San Juan"]
[Site "Pamplona Hotel Iruña Park "]
[Date "2012.07.23"]
[Round "1"]
[Board "5"]
[White "Ballina Amandi, Casimiro"]
[Black "Venkatesh, M R"]
[Result "0-1"]
[WhiteElo "1903"]
[BlackElo "2506"]
[PlyCount "66"]
[EventDate "2012.07.23"]
[EventRounds "9"]
[EventCountry "ESP"]

1. e4 c5 2. Nf3 Nc6 3. d4 cxd4 4. Nxd4 Nf6 5. Nc3 d6 6. Be2 e5 7. Nf3 h6 8. O-O
Be7 9. Re1 O-O 10. h3 Be6 11. Bf1 Qd7 12. Nd5 Bd8 13. c4 Nh7 14. b3 Ng5 15. Bb2
f5 16. Nxg5 Bxg5 17. exf5 Bxf5 18. Bd3 Bh4 19. Re2 Rf7 20. Qc2 Raf8 21. Bxf5
Rxf5 22. f3 Rg5 23. Kh1 Bg3 24. Qe4 Bf4 25. Rd1 Kh8 26. Nxf4 Rxf4 27. Qd5 Rh4
28. Kh2 Qf5 29. Qd3 Qf4+ 30. Kh1 Rg3 31. Bc1 Rgxh3+ 32. gxh3 Rxh3+ 33. Kg1 Qh4
0-1

[Event "VI Open Internacional A.D. San Juan"]
[Site "Pamplona Hotel Iruña Park "]
[Date "2012.07.24"]
[Round "2"]
[Board "1"]
[White "Ortiz Suarez, Isan Reynaldo"]
[Black "Ugalde Ezcurra, Jose Miguel"]
[Result "1-0"]
[WhiteElo "2562"]
[BlackElo "2179"]
[PlyCount "39"]
[EventDate "2012.07.23"]
[EventRounds "9"]
[EventCountry "ESP"]

1. e4 c5 2. Nf3 e6 3. d4 cxd4 4. Nxd4 a6 5. Bd3 Bc5 6. Nb3 Be7 7. Qg4 g6 8. Qe2
d6 9. O-O Nd7 10. a4 h5 11. Na3 Ngf6 12. Nc4 Qc7 13. h3 Ne5 14. Nxe5 dxe5 15.
f4 exf4 16. Bxf4 e5 17. Bg5 Qb6+ 18. Kh1 Bg4 19. Qe1 O-O-O 20. Qc3+ 1-0

[Event "VI Open Internacional A.D. San Juan"]
[Site "Pamplona Hotel Iruña Park "]
[Date "2012.07.24"]
[Round "2"]
[Board "2"]
[White "Navarrete Delgado, Sergio"]
[Black "Ibarra Jerez, Jose Carlos"]
[Result "1/2-1/2"]
[WhiteElo "2220"]
[BlackElo "2530"]
[PlyCount "74"]
[EventDate "2012.07.23"]
[EventRounds "9"]
[EventCountry "ESP"]

1. e4 c5 2. Ne2 e6 3. Nbc3 a6 4. d4 cxd4 5. Nxd4 b5 6. Bd3 Qb6 7. Nb3 Qc7 8.
Be3 Bb7 9. O-O Nf6 10. Re1 Be7 11. Bd4 e5 12. Be3 O-O 13. Bg5 b4 14. Bxf6 Bxf6
15. Nd5 Bxd5 16. exd5 d6 17. Qf3 Nd7 18. Re4 a5 19. Rc4 Qd8 20. Nd2 Bg5 21. Qh3
g6 22. Ne4 Be7 23. Rc6 Nb8 24. Rc4 Nd7 25. Rc6 Nf6 26. Ng5 Kg7 27. Rd1 Nh5 28.
Ne4 f5 29. Nd2 Nf4 30. Qf3 Bg5 31. Bf1 Qf6 32. Nc4 Rfd8 33. Qb3 Ra7 34. Qa4 Qe7
35. Qb5 e4 36. Qb6 Rb7 37. Qxa5 Nh5 $11 1/2-1/2

[Event "VI Open Internacional A.D. San Juan"]
[Site "Pamplona Hotel Iruña Park "]
[Date "2012.07.24"]
[Round "2"]
[Board "3"]
[White "Paunovic, Dragan"]
[Black "Zamarbide Inarrea, Borja"]
[Result "1-0"]
[WhiteElo "2521"]
[BlackElo "2168"]
[PlyCount "77"]
[EventDate "2012.07.23"]
[EventRounds "9"]
[EventCountry "ESP"]

1. c4 b6 2. Nf3 Bb7 3. g3 e6 4. Bg2 f5 5. O-O Nf6 6. d4 g6 7. Nc3 Bg7 8. b3 O-O
9. Bb2 Qe7 10. Qc2 d6 11. Rad1 h6 12. Rfe1 Qf7 13. Ne5 dxe5 14. Bxb7 Nbd7 15.
Bxa8 Rxa8 16. d5 e4 17. dxe6 Qxe6 18. Nd5 Rc8 19. Nxf6+ Nxf6 20. Bxf6 Bxf6 21.
Qd2 Re8 22. Qd5 c5 23. Qxe6+ Rxe6 24. Rd7 e3 25. Rxa7 f4 26. Rd1 Bd4 27. f3 h5
28. Rd7 g5 29. Kg2 Rf6 30. R1xd4 cxd4 31. Rxd4 Kf7 32. b4 Ke6 33. h4 fxg3 34.
hxg5 Rg6 35. Rd5 h4 36. Rd4 Kf5 37. Rxh4 Rd6 38. Re4 Kg6 39. Rxe3 1-0

[Event "VI Open Internacional A.D. San Juan"]
[Site "Pamplona Hotel Iruña Park "]
[Date "2012.07.24"]
[Round "2"]
[Board "4"]
[White "Montanes Arribas, Adrian"]
[Black "Khamrakulov, Ibragim S"]
[Result "0-1"]
[WhiteElo "2210"]
[BlackElo "2507"]
[PlyCount "122"]
[EventDate "2012.07.23"]
[EventRounds "9"]
[EventCountry "ESP"]

1. e4 c5 2. Nf3 e6 3. d4 cxd4 4. Nxd4 a6 5. Nc3 Qc7 6. Bd3 Nc6 7. Be3 Nf6 8.
O-O Ne5 9. Nf3 Neg4 10. Bd2 b5 11. h3 Ne5 12. Nxe5 Qxe5 13. Qe2 b4 14. Na4 Bb7
15. Nb6 Rd8 16. Nc4 Qc7 17. e5 d5 18. exd6 Bxd6 19. Nxd6+ Qxd6 20. a3 b3 21.
Bb4 Qc6 22. f3 Nd5 23. Be4 a5 24. Be1 Ba6 25. Bd3 Nf4 26. Qe5 Nxd3 27. cxd3 O-O
28. Bc3 f6 29. Qxa5 Bxd3 30. Rfd1 Rd5 31. Qb4 Bc2 32. Rxd5 Qxd5 33. Qd4 Qc6 34.
Bb4 Rc8 35. Re1 e5 36. Qe3 h6 37. Qd2 Kh7 38. Qe3 Rd8 39. Qc5 Qe6 40. Bc3 Rd5
41. Qe3 Qc6 42. Bb4 Qc4 43. Re2 Rd1+ 44. Re1 Rd4 45. Re2 Bd3 46. Re1 Bg6 47.
Ra1 Bc2 48. Re1 e4 49. fxe4 Rxe4 50. Qf2 Rf4 51. Qe3 Rf5 52. Bc3 Rg5 53. Re2 f5
54. Rf2 Be4 55. Qd2 Rg3 56. Qd4 Rxc3 57. bxc3 Qxd4 58. cxd4 Bc2 59. d5 b2 60.
Rf1 Kg6 61. g4 b1=Q 0-1

[Event "VI Open Internacional A.D. San Juan"]
[Site "Pamplona Hotel Iruña Park "]
[Date "2012.07.24"]
[Round "2"]
[Board "5"]
[White "Venkatesh, M R"]
[Black "Uran Bermudez, Oliver Kevin"]
[Result "1-0"]
[WhiteElo "2506"]
[BlackElo "2147"]
[PlyCount "40"]
[EventDate "2012.07.23"]
[EventRounds "9"]
[EventCountry "ESP"]

1. Nf3 c5 2. c4 Nf6 3. Nc3 Nc6 4. g3 g6 5. Bg2 Bg7 6. O-O O-O 7. d4 d5 8. dxc5
dxc4 9. Qa4 Qa5 10. Qxc4 Be6 11. Qh4 Qxc5 12. Ng5 Qc4 13. Bf4 h5 14. Rac1 Bd7
15. Rfd1 e5 16. Nce4 Qxa2 17. Nxf6+ Bxf6 18. Rxd7 exf4 19. Qxf4 Qxb2 20. Rxb7
Qe5 1-0

[Event "VI Open Internacional A.D. San Juan"]
[Site "Pamplona Hotel Iruña Park "]
[Date "2012.07.24"]
[Round "3"]
[Board "1"]
[White "Deepan, Chakkravarthy J"]
[Black "Ortiz Suarez, Isan Reynaldo"]
[Result "1/2-1/2"]
[WhiteElo "2468"]
[BlackElo "2562"]
[PlyCount "101"]
[EventDate "2012.07.23"]
[EventRounds "9"]
[EventCountry "ESP"]

1. d4 d5 2. Nf3 Nf6 3. c4 c6 4. e3 a6 5. Nc3 b5 6. b3 Bg4 7. Be2 Nbd7 8. h3 Bf5
9. O-O e6 10. Bd2 Bd6 11. Nh4 Be4 12. Nxe4 Nxe4 13. Nf3 g5 14. g3 h5 15. Ne1 f5
16. Ng2 Ndf6 17. Be1 Ke7 18. a4 b4 19. a5 h4 20. g4 fxg4 21. Bxg4 Nxg4 22. Qxg4
Qg8 23. cxd5 cxd5 24. f4 gxf4 25. Bxh4+ Kd7 26. exf4 Qxg4 27. hxg4 Nd2 28. Rf2
Nxb3 29. Rb1 Nxa5 30. f5 exf5 31. Rxf5 Kc6 32. Bf6 Nc4 33. Bxh8 Rxh8 34. Nf4
Bxf4 35. Rxf4 a5 36. Kf2 Kb5 37. Rf5 Nb6 38. Rf6 Rb8 39. g5 a4 40. g6 b3 41. g7
Rg8 42. Rf7 Nc4 43. Rg1 b2 44. Rf8 Rxg7 45. Rxg7 Kb4 46. Rb8+ Kc3 47. Ra7 a3
48. Kf3 Kc2 49. Kf4 b1=Q 50. Rxb1 Kxb1 51. Rxa3 1/2-1/2

[Event "VI Open Internacional A.D. San Juan"]
[Site "Pamplona Hotel Iruña Park "]
[Date "2012.07.24"]
[Round "3"]
[Board "4"]
[White "Krishna, C R G"]
[Black "Venkatesh, M R"]
[Result "1/2-1/2"]
[WhiteElo "2273"]
[BlackElo "2506"]
[PlyCount "61"]
[EventDate "2012.07.23"]
[EventRounds "9"]
[EventCountry "ESP"]

1. d4 Nf6 2. c4 e6 3. g3 Bb4+ 4. Bd2 Bxd2+ 5. Qxd2 d5 6. Nf3 c6 7. Bg2 Nbd7 8.
O-O b6 9. Qc2 Ba6 10. Nbd2 O-O 11. Rfd1 Rc8 12. Rac1 c5 13. Qa4 Nb8 14. dxc5
bxc5 15. Nb3 Qb6 16. Ne5 d4 17. Na5 Nbd7 18. Nxd7 Nxd7 19. Nc6 Rc7 20. b4 cxb4
21. c5 Qb5 22. Qxb5 Bxb5 23. Rxd4 Rxc6 24. Rxd7 Rxc5 25. Rxc5 Bxd7 26. Ra5 Rc8
27. Rxa7 Bb5 28. Bf1 Bc4 29. Rb7 Bxa2 30. Rxb4 g6 31. Kg2 1/2-1/2

[Event "VI Open Internacional A.D. San Juan"]
[Site "Pamplona Hotel Iruña Park "]
[Date "2012.07.24"]
[Round "3"]
[Board "5"]
[White "Pena Riasco, Alexander"]
[Black "Ninov, Nikolai"]
[Result "0-1"]
[WhiteElo "2245"]
[BlackElo "2501"]
[PlyCount "68"]
[EventDate "2012.07.23"]
[EventRounds "9"]
[EventCountry "ESP"]

1. e4 c5 2. Nf3 d6 3. d4 cxd4 4. Nxd4 Nf6 5. Nc3 a6 6. f3 e6 7. Be3 b5 8. Qd2
Nbd7 9. a3 Bb7 10. Be2 Rc8 11. O-O Be7 12. Rfd1 O-O 13. Bf1 Ne5 14. Qf2 Qc7 15.
Kh1 Rfd8 16. Bd3 Qb8 17. Nde2 d5 18. exd5 Nxd5 19. Nxd5 Bxd5 20. Nf4 Bc4 21.
Be4 f5 22. Ba7 Rxd1+ 23. Rxd1 Rd8 24. Bd3 Qd6 25. h3 g5 26. Be2 Qxd1+ 27. Bxd1
Rxd1+ 28. Kh2 gxf4 29. b3 Ng6 30. Qb6 Bh4 31. Qb8+ Kg7 32. Bd4+ Kh6 33. Bg1
Bg3+ 34. Kh1 Bf2 0-1

[Event "VI Open Internacional A.D. San Juan"]
[Site "Pamplona Hotel Iruña Park "]
[Date "2012.07.25"]
[Round "4"]
[Board "1"]
[White "Ninov, Nikolai"]
[Black "Khamrakulov, Ibragim S"]
[Result "1/2-1/2"]
[WhiteElo "2501"]
[BlackElo "2507"]
[PlyCount "61"]
[EventDate "2012.07.23"]
[EventRounds "9"]
[EventCountry "ESP"]

1. e4 c5 2. Nf3 e6 3. d4 cxd4 4. Nxd4 a6 5. c4 Qc7 6. Nc3 Nf6 7. a3 b6 8. Be3
Bb7 9. f3 d6 10. Be2 Nbd7 11. O-O Be7 12. Rc1 O-O 13. Qd2 Rac8 14. Rfd1 Qb8 15.
Kh1 Bd8 16. Qe1 Bc7 17. Qg1 Qa8 18. Nc2 Rfd8 19. Nb4 Nc5 20. Rc2 Rd7 21. Nd3
Rdd8 22. b4 Ncd7 23. Nb2 d5 24. exd5 exd5 25. Nxd5 Bxd5 26. cxd5 Nxd5 27. Bg5
N7f6 28. Bxf6 Nxf6 29. Rxd8+ Bxd8 30. Rxc8 Qxc8 31. Qd4 1/2-1/2

[Event "VI Open Internacional A.D. San Juan"]
[Site "Pamplona Hotel Iruña Park "]
[Date "2012.07.25"]
[Round "4"]
[Board "2"]
[White "Larino Nieto, David"]
[Black "Ibarra Jerez, Jose Carlos"]
[Result "1/2-1/2"]
[WhiteElo "2469"]
[BlackElo "2530"]
[PlyCount "72"]
[EventDate "2012.07.23"]
[EventRounds "9"]
[EventCountry "ESP"]

1. d4 d5 2. Bg5 f6 3. Bf4 c5 4. e3 Nc6 5. Nf3 g5 6. Bg3 g4 7. Nh4 cxd4 8. exd4
e5 9. dxe5 fxe5 10. Bb5 Bg7 11. O-O a6 12. Bxc6+ bxc6 13. Qe2 e4 14. c4 Nf6 15.
cxd5 cxd5 16. Rd1 O-O 17. Nc3 Be6 18. Qe3 Qd7 19. Rac1 Rac8 20. Be5 Qf7 21. Ne2
Qh5 22. Bg3 Bd7 23. b3 Rxc1 24. Qxc1 Rc8 25. Qa3 e3 26. fxe3 Qe8 27. Bf4 Ne4
28. Rc1 Bf6 29. g3 d4 30. Rxc8 Qxc8 31. Nxd4 Bxd4 32. exd4 Qc2 33. Qxa6 Qf2+
34. Kh1 Qe1+ 35. Kg2 Qf2+ 36. Kh1 Qe1+ 1/2-1/2

[Event "VI Open Internacional A.D. San Juan"]
[Site "Pamplona Hotel Iruña Park "]
[Date "2012.07.25"]
[Round "4"]
[Board "3"]
[White "Ortiz Suarez, Isan Reynaldo"]
[Black "Cruz Ravina, Francisco Javier"]
[Result "1-0"]
[WhiteElo "2562"]
[BlackElo "2345"]
[PlyCount "87"]
[EventDate "2012.07.23"]
[EventRounds "9"]
[EventCountry "ESP"]

1. e4 e6 2. d4 d5 3. Nd2 dxe4 4. Nxe4 Bd7 5. Nf3 Bc6 6. Bd3 Nd7 7. O-O Ngf6 8.
Ng3 Be7 9. c4 Bxf3 10. Qxf3 c6 11. b3 Qa5 12. a3 Qc3 13. Rb1 Qxd4 14. Bb2 Qh4
15. Rfe1 Bd6 16. h3 O-O 17. Rbd1 Bc7 18. Bb1 Qf4 19. Qc3 Bb6 20. c5 Nxc5 21.
Rd4 Qxd4 22. Qxd4 Nce4 23. Qd1 Bxf2+ 24. Kf1 Bxg3 25. Rxe4 Nxe4 26. Qg4 g6 27.
Bxe4 Bc7 28. Bf6 Bd8 29. Qg5 Bxf6 30. Qxf6 Rfe8 31. h4 h5 32. Ke2 Rad8 33. Bxg6
fxg6 34. Qxg6+ Kf8 35. Qxh5 Kg7 36. g4 e5 37. Qg5+ Kf7 38. h5 Re6 39. Qf5+ Ke7
40. Qh7+ Kd6 41. h6 Ree8 42. Qf5 Ke7 43. h7 e4 44. Qe5+ 1-0

[Event "VI Open Internacional A.D. San Juan"]
[Site "Pamplona Hotel Iruña Park "]
[Date "2012.07.25"]
[Round "4"]
[Board "4"]
[White "Paunovic, Dragan"]
[Black "Krishna, C R G"]
[Result "0-1"]
[WhiteElo "2521"]
[BlackElo "2273"]
[PlyCount "118"]
[EventDate "2012.07.23"]
[EventRounds "9"]
[EventCountry "ESP"]

1. c4 g6 2. g3 Bg7 3. Bg2 f5 4. Nc3 Nf6 5. d3 d6 6. e4 Nc6 7. Nge2 e5 8. O-O
O-O 9. Nd5 Ne7 10. Nxe7+ Qxe7 11. exf5 gxf5 12. f4 c6 13. Kh1 Be6 14. Be3 Rae8
15. Bg1 Qc7 16. Qc2 c5 17. Rae1 Bd7 18. Nc3 a6 19. a3 Kh8 20. b4 cxb4 21. axb4
e4 22. c5 d5 23. Bd4 Bc6 24. Be5 Qf7 25. d4 Ng4 26. Qe2 Qh5 27. h3 Qh6 28. b5
axb5 29. Nxb5 Re6 30. Nd6 Rg6 31. Kg1 Nxe5 32. fxe5 Bd7 33. Kh2 Be6 34. Qe3 Qh5
35. Qe2 Qg5 36. Qe3 Qe7 37. Rf4 Bh6 38. Qf2 Bxf4 39. Qxf4 Rfg8 40. Re3 Qg5 41.
Qxg5 Rxg5 42. Bf1 R5g7 43. Rb3 f4 44. gxf4 Rg1 45. f5 Rxf1 46. fxe6 Rf2+ 47.
Kh1 Rf3 48. Nf7+ Kg7 49. Rxb7 Kg6 50. Rb2 Rxh3+ 51. Kg2 Rf3 52. Kh2 Kh5 53. Rg2
e3 54. Rxg8 e2 55. Rg5+ Kh4 56. Kg2 Rf1 57. Rg7 e1=Q 58. Rxh7+ Kg4 59. Nh6+ Kg5
0-1

[Event "VI Open Internacional A.D. San Juan"]
[Site "Pamplona Hotel Iruña Park "]
[Date "2012.07.25"]
[Round "4"]
[Board "5"]
[White "Venkatesh, M R"]
[Black "Saenz Narciso, Miguel Angel"]
[Result "1-0"]
[WhiteElo "2506"]
[BlackElo "2194"]
[PlyCount "37"]
[EventDate "2012.07.23"]
[EventRounds "9"]
[EventCountry "ESP"]

1. e4 c5 2. Nc3 g6 3. d4 cxd4 4. Qxd4 Nf6 5. Bb5 Nc6 6. Bxc6 dxc6 7. Qxd8+ Kxd8
8. Bf4 Bg7 9. O-O-O+ Nd7 10. Nf3 Bxc3 11. bxc3 Ke8 12. Rd4 Nc5 13. Rhd1 Bg4 14.
Be3 b6 15. e5 h5 16. h3 Bxf3 17. gxf3 Rc8 18. Rc4 Ne6 19. Ra4 1-0

[Event "VI Open Internacional A.D. San Juan"]
[Site "Pamplona Hotel Iruña Park "]
[Date "2012.07.26"]
[Round "5"]
[Board "2"]
[White "Khamrakulov, Ibragim S"]
[Black "Larino Nieto, David"]
[Result "1-0"]
[WhiteElo "2507"]
[BlackElo "2469"]
[PlyCount "93"]
[EventDate "2012.07.23"]
[EventRounds "9"]
[EventCountry "ESP"]

1. e4 c6 2. d4 d5 3. exd5 cxd5 4. c4 Nf6 5. Nc3 g6 6. Qb3 Bg7 7. cxd5 O-O 8.
Be2 Nbd7 9. Bf3 Nb6 10. Nge2 Bf5 11. a4 Bd3 12. a5 Bc4 13. Qb4 Bxe2 14. Nxe2
Nbxd5 15. Qxb7 Qd6 16. Qb3 Rab8 17. Qa3 Qd7 18. O-O Rfc8 19. Bd2 Rc2 20. Bc3 e6
21. Rac1 Bf8 22. Qa1 Rxc1 23. Nxc1 Qc7 24. a6 Nxc3 25. bxc3 Nd5 26. Bxd5 exd5
27. Nd3 Bd6 28. g3 h5 29. Qa2 Rb5 30. Qa4 Ra5 31. Qb3 Rxa6 32. Qxd5 Qxc3 33.
Ne5 Bxe5 34. Qxe5 Re6 35. Qb8+ Kg7 36. Qxa7 h4 37. d5 Rf6 38. Qa4 hxg3 39. hxg3
Qf3 40. Qd4 Kh7 41. Re1 g5 42. Re8 Qf5 43. Rb8 g4 44. d6 Qg5 45. Qxf6 Qxf6 46.
d7 Qa1+ 47. Kg2 1-0

[Event "VI Open Internacional A.D. San Juan"]
[Site "Pamplona Hotel Iruña Park "]
[Date "2012.07.26"]
[Round "5"]
[Board "3"]
[White "Reinaldo Castineira, Roi"]
[Black "Venkatesh, M R"]
[Result "1/2-1/2"]
[WhiteElo "2468"]
[BlackElo "2506"]
[PlyCount "66"]
[EventDate "2012.07.23"]
[EventRounds "9"]
[EventCountry "ESP"]

1. e4 c5 2. Nf3 Nc6 3. d4 cxd4 4. Nxd4 Nf6 5. Nc3 e5 6. Ndb5 d6 7. Bg5 a6 8.
Na3 b5 9. Nd5 Be7 10. Bxf6 Bxf6 11. c4 b4 12. Nc2 O-O 13. g3 Be6 14. Bg2 a5 15.
O-O Bxd5 16. Qxd5 Qb6 17. b3 Rac8 18. Qd3 Qc5 19. Rfd1 Rfd8 20. h4 Nd4 21. Nxd4
exd4 22. Re1 Rc7 23. Re2 a4 24. f4 Re8 25. Rae1 g6 26. Bf3 axb3 27. axb3 Ra7
28. Kg2 h5 29. e5 dxe5 30. Bd5 e4 31. Rxe4 Rxe4 32. Rxe4 Ra2+ 33. Re2 Rxe2+
1/2-1/2

[Event "VI Open Internacional A.D. San Juan"]
[Site "Pamplona Hotel Iruña Park "]
[Date "2012.07.26"]
[Round "5"]
[Board "4"]
[White "Deepan, Chakkravarthy J"]
[Black "Ninov, Nikolai"]
[Result "1-0"]
[WhiteElo "2468"]
[BlackElo "2501"]
[PlyCount "61"]
[EventDate "2012.07.23"]
[EventRounds "9"]
[EventCountry "ESP"]

1. d4 Nf6 2. Nf3 e6 3. g3 b5 4. Bg2 Bb7 5. O-O c5 6. c3 Na6 7. Bg5 Be7 8. Nbd2
Rc8 9. a4 b4 10. Ne5 Bxg2 11. Kxg2 bxc3 12. bxc3 cxd4 13. cxd4 Nb4 14. Bxf6
Bxf6 15. Ne4 Be7 16. a5 O-O 17. Qa4 d5 18. Nc5 Bxc5 19. dxc5 Na6 20. c6 Qd6 21.
Nd7 Rfd8 22. Rfc1 Qb4 23. c7 Re8 24. Qxb4 Nxb4 25. Nb6 axb6 26. axb6 d4 27. b7
Kf8 28. bxc8=Q Rxc8 29. Rab1 Nd5 30. Rb8 Ne7 31. Rc6 1-0

[Event "VI Open Internacional A.D. San Juan"]
[Site "Pamplona Hotel Iruña Park "]
[Date "2012.07.26"]
[Round "5"]
[Board "5"]
[White "Krishna, C R G"]
[Black "Montanes Arribas, Adrian"]
[Result "1/2-1/2"]
[WhiteElo "2273"]
[BlackElo "2210"]
[PlyCount "145"]
[EventDate "2012.07.23"]
[EventRounds "9"]
[EventCountry "ESP"]

1. d4 Nf6 2. c4 e6 3. g3 d5 4. Nf3 Bb4+ 5. Bd2 Bd6 6. Bg2 c6 7. Qc2 O-O 8. O-O
Nbd7 9. cxd5 exd5 10. Nc3 Re8 11. Rfe1 h6 12. Nh4 Nb6 13. e4 dxe4 14. Nxe4 Nxe4
15. Bxe4 Be6 16. a4 Nd5 17. a5 a6 18. Nf3 Qc7 19. Rac1 Rad8 20. Nh4 Bf8 21. Qa4
Nf6 22. Bb1 Bd5 23. Ng2 Qd7 24. Nf4 Be4 25. Be3 Bxb1 26. Rxb1 Bd6 27. Rbd1 Bxf4
28. Bxf4 Rxe1+ 29. Rxe1 Qxd4 30. Qb3 Qd7 31. Be3 Nd5 32. Bc5 Qc7 33. Qa4 Qd7
34. Qb3 h5 35. Re5 h4 36. Re4 h3 37. Kf1 Nf6 38. Rd4 Qc8 39. f3 Rxd4 40. Bxd4
Nd5 41. Kf2 Qc7 42. Qa3 Qd7 43. Qd3 Nc7 44. Qe3 Ne6 45. Bc3 Qd8 46. Qe1 Qd5 47.
Qe5 f6 48. Qb8+ Kh7 49. Qe8 Qf5 50. Qd7 Qc5+ 51. Ke2 Qd5 52. Qe8 c5 53. Kf2 c4
54. g4 Nf4 55. Qe4+ Qxe4 56. fxe4 Kg6 57. Kg3 Ne6 58. e5 f5 59. Kxh3 Kg5 60.
gxf5 Kxf5 61. Kg3 Nd8 62. Kf3 g6 63. Ke3 Nc6 64. e6 Kxe6 65. Ke4 Kd6 66. Kf4
Ke6 67. Kg5 Ne7 68. Bf6 Nd5 69. Bd4 Kf7 70. h3 Nc7 71. Kf4 Ke6 72. Kg5 Kf7 73.
Kf4 1/2-1/2

[Event "VI Open Internacional A.D. San Juan"]
[Site "Pamplona Hotel Iruña Park "]
[Date "2012.07.27"]
[Round "6"]
[Board "1"]
[White "Fernandez Romero, Ernesto"]
[Black "Khamrakulov, Ibragim S"]
[Result "1-0"]
[WhiteElo "2472"]
[BlackElo "2507"]
[PlyCount "63"]
[EventDate "2012.07.23"]
[EventRounds "9"]
[EventCountry "ESP"]

1. e4 c5 2. Nf3 e6 3. d4 cxd4 4. Nxd4 Qc7 5. Nb5 Qc6 6. Bf4 Qxe4+ 7. Be3 Qe5 8.
Nd2 Kd8 9. Nf3 Qh5 10. g4 Qxg4 11. Rg1 Qb4+ 12. c3 Qe7 13. Qa4 Na6 14. Bxa7 Qf6
15. Be2 e5 16. Rg5 Bd6 17. Bb6+ Ke8 18. Nxd6+ Qxd6 19. Rxe5+ Ne7 20. Bc5 Nxc5
21. Qxa8 Ne6 22. Rd1 Qc6 23. Bb5 Qc7 24. Rxd7 Qxd7 25. Bxd7+ Kxd7 26. Nd4 Nxd4
27. cxd4 Nc6 28. Qa4 Kc7 29. Qc4 f6 30. Re3 Kb8 31. d5 Ne5 32. Rxe5 1-0

[Event "VI Open Internacional A.D. San Juan"]
[Site "Pamplona Hotel Iruña Park "]
[Date "2012.07.27"]
[Round "6"]
[Board "2"]
[White "Venkatesh, M R"]
[Black "Deepan, Chakkravarthy J"]
[Result "1-0"]
[WhiteElo "2506"]
[BlackElo "2468"]
[PlyCount "71"]
[EventDate "2012.07.23"]
[EventRounds "9"]
[EventCountry "ESP"]

1. e4 e6 2. d3 d5 3. Nd2 c5 4. g3 Nc6 5. Bg2 g6 6. Ngf3 Bg7 7. O-O Nge7 8. Re1
O-O 9. e5 Qc7 10. Qe2 b5 11. Nf1 Bb7 12. h4 Rac8 13. Bd2 Nf5 14. c3 d4 15. g4
dxc3 16. bxc3 Nfe7 17. Ng3 Rfd8 18. Rad1 b4 19. c4 a5 20. h5 a4 21. h6 Bh8 22.
Bg5 Nd4 23. Nxd4 Rxd4 24. Bxb7 Qxb7 25. Ne4 Bxe5 26. Qf3 Kf8 27. Bf6 Bxf6 28.
Qxf6 Ng8 29. Qg7+ Ke7 30. Kf1 Rcd8 31. Ng5 Kd7 32. Nxf7 Kc8 33. Nxd8 Rxd8 34.
Rxe6 Qf3 35. Ke1 Rf8 36. Rc6+ 1-0

[Event "VI Open Internacional A.D. San Juan"]
[Site "Pamplona Hotel Iruña Park "]
[Date "2012.07.27"]
[Round "6"]
[Board "3"]
[White "Krishna, C R G"]
[Black "Ibarra Jerez, Jose Carlos"]
[Result "1/2-1/2"]
[WhiteElo "2273"]
[BlackElo "2530"]
[PlyCount "100"]
[EventDate "2012.07.23"]
[EventRounds "9"]
[EventCountry "ESP"]

1. d4 d6 2. c4 e5 3. dxe5 dxe5 4. Qxd8+ Kxd8 5. Nc3 Be6 6. b3 c6 7. Bb2 Nd7 8.
g3 Kc7 9. Bh3 Bxh3 10. Nxh3 h6 11. O-O-O Ngf6 12. f3 Bc5 13. Na4 Be3+ 14. Kb1
e4 15. Rhf1 Rae8 16. Nf2 Re6 17. Nc3 exf3 18. exf3 Rhe8 19. Nd3 a6 20. f4 Ng4
21. f5 Rd6 22. Rfe1 Nxh2 23. c5 Rf6 24. Re2 Ng4 25. Rde1 Rxf5 26. Nd1 Rf3 27.
Bc1 Bxc1 28. Rxe8 Bd2 29. R1e2 Rxd3 30. Kc2 Nxc5 31. Rxd2 Rxd2+ 32. Kxd2 Kd7
33. Rb8 Nf6 34. Ke2 Nd5 35. Kf3 a5 36. Ra8 b6 37. Nb2 Ne7 38. Ra7+ Ke6 39. Nc4
Nd5 40. g4 g6 41. Ra8 f5 42. Rh8 fxg4+ 43. Kxg4 h5+ 44. Kg5 a4 45. bxa4 Nxa4
46. Kxg6 b5 47. Na5 c5 48. Kxh5 Ndc3 49. Rb8 b4 50. Nb3 Kd5 1/2-1/2